000 00595nam a2200193Ia 4500
003 GCL
008 140319s9999 xx 000 0 ara d
040 _aGCL /
_cGCL
082 0 4 _a219.7
_bمص
100 1 _aمحمد عمارة
245 1 0 _aالصحوة الاسلامية والتحدى الحضارى /
_cمحمد عمارة
260 _a[S.N] :
_bدار المستقبل العربى ،
_c1985
300 _a182 ص
490 _a
650 0 4 _aالتصوف الاسلامى
650 0 4 _aالحركة الوهابية
650 0 4 _aالاخوان المسلمون
942 _2ddc
_cBK
999 _c31729
_d31729